Nástroje pre zber a analýzu informácií v oblasti sociálnych sietí bakalárska práca

Salvato in:
Dettagli Bibliografici
Autore principale: Popovičová, Petra
Ente Autore: Fakulta hospodárskej informatiky EU. Katedra aplikovanej informatiky
Altri autori: Sojka, Pavol, 1978-
Natura: Libro
Lingua:slovacco
Pubblicazione: Bratislava 2018
Tags: Aggiungi Tag
Nessun Tag, puoi essere il primo ad aggiungerne!!

MARC

LEADER 00000nbm a2200000 4500
001 0245327
005 20181015110810.3
041 0 |a slo 
044 |a SK 
245 1 0 |a Nástroje pre zber a analýzu informácií v oblasti sociálnych sietí  |b bakalárska práca  |c Petra Popovičová ; školiteľ: Pavol Sojka 
264 1 |a Bratislava  |c 2018 
300 |a 58 s. 
100 1 |a Popovičová, Petra 
700 1 |a Sojka, Pavol, 1978- 
710 2 |a Fakulta hospodárskej informatiky EU. Katedra aplikovanej informatiky